Cohesión, riesgo y arquitectura de proteccion social en América Latina

Furkejuvvon:
Bibliográfalaš dieđut
Váldodahkki: Filgueira, Fernando (Dahkki)
Materiálatiipa: Girji
Giella:espánnjágiella
Almmustuhtton: Santiago Naciones Unidas 2007
Ráidu:Politicas Sociales, 135
Fáttát:
Fáddágilkorat: Lasit fáddágilkoriid
Eai fáddágilkorat, Lasit vuosttaš fáddágilkora!

MARC

LEADER 00000nam a2200000 a 4500
001 UCI5444
003 CL-VaPUC
008 080328e20070000CL |||||||||||||||||spa|d
020 |a 9789213230831 
082 0 4 |a 303.44  |b FIL  |2 21 
100 0 |a Filgueira, Fernando  |e author  |9 527829 
245 1 0 |a Cohesión, riesgo y arquitectura de proteccion social en América Latina 
300 |a 66 p 
942 |c BK 
945 |d 20080328 00:00:00  |a rbrito 
260 |a Santiago  |b Naciones Unidas  |c 2007 
650 0 |a Cambio social   |9 256857 
650 0 |a Desarrollo social  |9 264534 
650 0 |a Desarrollo económico  |9 259599 
650 0 |a Políticas sociales  |9 358116 
651 0 |a América Latina   |9 255027 
583 |a last modification  |c 20080328 00:00:00  |k Rodrigo Vera 
490 0 |a Politicas Sociales, 135 
999 |c 329186  |d 329184 
952 |0 0  |1 0  |4 0  |6 303_440000000000000_FIL_2007  |7 0  |8 A  |9 413554  |a BIBEDU  |b BIBEDU  |d 2019-11-22  |i 4419022  |o 303.44 FIL 2007  |p 4419022  |r 2019-11-22  |w 2019-11-22  |y BK  |k EPE